Normal view
MARC view
- Luxembourg
Entry Geographic Name
001 - CONTROL NUMBER
- control field: 28098
003 - CONTROL NUMBER IDENTIFIER
- control field: NUST
005 - DATE AND TIME OF LATEST TRANSACTION
- control field: 20200128100503.0
008 - FIXED-LENGTH DATA ELEMENTS
- fixed length control field: 200128|| aca||aabn | a|a d
040 ## - CATALOGING SOURCE
- Original cataloging agency: NUST
- Transcribing agency: NUST
151 ## - HEADING--GEOGRAPHIC NAME
- Geographic name: Luxembourg
670 ## - SOURCE DATA FOUND
- Source citation: Work cat.: (NUST)0: Christie, Agatha, 1890-1976. 28097, Sparkling cyanide, p2001, [1945]
